000 00199nam a2200085Ia 4500
008 120527s9999 xx 000 0 und d
100 _aRosenhan & Seligman
245 _aAbnormal psychology
942 _cBK
999 _c27610
_d27610